[Event "EU-ch rapid"]
[Site "Minsk"]
[Date "2015.12.19"]
[Round "4"]
[White "Kryakvin, Dmitry"]
[Black "Pletnev, Evgeniy"]
[Result "1-0"]
[WhiteElo "2529"]
[BlackElo "2235"]
[PlyCount "79"]
[EventDate "2015.12.19"]
[EventType "swiss (rapid)"]
[EventRounds "11"]
[EventCountry "BLR"]
[SourceTitle "EXT 2017"]
[Source "ChessBase"]
[SourceDate "2016.10.25"]
[SourceVersion "1"]
[SourceVersionDate "2016.10.25"]
[SourceQuality "1"]

1. d4 f5 2. Nf3 Nf6 3. g3 g6 4. Bg2 Bg7 5. 0-0 0-0 6. c4 d6 7. Nc3 c6 8. Rb1 Nbd7 9. d5 cxd5 10. cxd5 Nc5 11. Be3 Bd7 12. Bd4 Rc8 13. Rc1 Qa5 14. Nd2 Bh6 15. Rc2 b5 16. a3 b4 17. Nc4 Qa6 18. axb4 Qxc4 19. bxc5 dxc5 20. Be5 Qa6 21. h3 Ne8 22. Qa1 Qb6 23. Qa2 Nd6 24. Ra1 Nf7 25. Bf4 g5 26. Bd2 f4 27. g4 Rc7 28. Ne4 Qg6 29. Rxc5 Rb7 30. d6 exd6 31. Bc3 Be6 32. Qa6 Bg7 33. Qxb7 dxc5 34. Rxa7 Bxc3 35. bxc3 h5 36. Ra6 hxg4 37. hxg4 Nd8 38. Qe7 c4 39. Bf3 Kh8 40. Qxf8+ 1-0

[Event "EU-ch blitz"]
[Site "Minsk"]
[Date "2015.12.18"]
[Round "3.12"]
[White "Pletnev, Evgeniy"]
[Black "Zubov, Alexander"]
[Result "0-1"]
[WhiteElo "2235"]
[BlackElo "2601"]
[PlyCount "72"]
[EventDate "2015.12.18"]
[EventType "swiss (blitz)"]
[EventRounds "22"]
[EventCountry "BLR"]
[SourceTitle "EXT 2017"]
[Source "ChessBase"]
[SourceDate "2016.10.25"]
[SourceVersion "1"]
[SourceVersionDate "2016.10.25"]
[SourceQuality "1"]

1. f4 g6 2. Nf3 Bg7 3. g3 c5 4. Bg2 Nc6 5. 0-0 Nf6 6. d3 d6 7. e4 Rb8 8. a4 0-0 9. Nc3 a6 10. h3 b5 11. axb5 axb5 12. g4 b4 13. Ne2 Bb7 14. f5 Ra8 15. Rxa8 Qxa8 16. Nf4 Ne5 17. Nxe5 dxe5 18. Ne2 c4 19. Ng3 Rd8 20. g5 Ne8 21. Qf3 Nd6 22. dxc4 Qa2 23. c5 Nb5 24. b3 Nd4 25. Qd3 Ba6 26. c4 bxc3 27. Qxc3 Bxf1 28. Bxf1 Qxb3 29. Qxb3 Nxb3 30. fxg6 Nxc1 31. gxf7+ Kxf7 32. Bc4+ Kg6 33. Nf5 Bf8 34. Be6 Ne2+ 35. Kf2 Nf4 36. Bc4 Rc8 0-1

[Event "Chigorin Memorial 23rd"]
[Site "St Petersburg"]
[Date "2015.10.10"]
[Round "8"]
[White "Korchmar, Vasiliy"]
[Black "Pletnev, Evgeniy"]
[Result "1-0"]
[WhiteElo "2402"]
[BlackElo "2246"]
[PlyCount "43"]
[EventDate "2015.10.03"]
[EventType "swiss"]
[EventRounds "9"]
[EventCountry "RUS"]
[SourceTitle "CBM 168 Extra"]
[Source "ChessBase"]
[SourceDate "2015.10.29"]
[SourceVersion "1"]
[SourceVersionDate "2015.10.29"]
[SourceQuality "1"]

1. d4 f5 2. g3 Nf6 3. Bg2 d6 4. Nf3 g6 5. 0-0 Bg7 6. c4 0-0 7. Nc3 c6 8. b4 e5 9. dxe5 dxe5 10. e4 f4 11. Qb3 Nh5 12. b5 g5 13. Ba3 g4 14. Bxf8 Qxf8 15. c5+ Kh8 16. Ng5 Bf6 17. Qf7 Qxf7 18. Nxf7+ Kg7 19. Nd6 Nd7 20. bxc6 bxc6 21. Rfb1 Nxc5 22. Ne8+ 1-0

[Event "Chigorin Memorial 23rd"]
[Site "St Petersburg"]
[Date "2015.10.07"]
[Round "5"]
[White "Pletnev, Evgeniy"]
[Black "Kopasov, Evgeny Aleksandrovi"]
[Result "1-0"]
[WhiteElo "2246"]
[BlackElo "2050"]
[PlyCount "117"]
[EventDate "2015.10.03"]
[EventType "swiss"]
[EventRounds "9"]
[EventCountry "RUS"]
[SourceTitle "CBM 168 Extra"]
[Source "ChessBase"]
[SourceDate "2015.10.29"]
[SourceVersion "1"]
[SourceVersionDate "2015.10.29"]
[SourceQuality "1"]

1. Nc3 c5 2. d4 cxd4 3. Qxd4 Nc6 4. Qh4 Nf6 5. Bg5 e6 6. e4 Be7 7. 0-0-0 Qa5 8. f4 d6 9. Nf3 a6 10. Bc4 b5 11. e5 dxe5 12. fxe5 Nxe5 13. Nxe5 bxc4 14. Nc6 Qf5 15. Rhf1 Qg4 16. Nxe7 Qxh4 17. Bxh4 Kxe7 18. Rxf6 gxf6 19. Ne4 Bb7 20. Bxf6+ Kf8 21. Nc5 Rg8 22. Nxb7 Rxg2 23. Rd7 Rf2 24. Be5 Rc8 25. Nd6 Rc5 26. Bg3 Rf3 27. Nxf7 Rf1+ 28. Kd2 Rd5+ 29. Rxd5 exd5 30. Ne5 Ke7 31. Nc6+ Ke6 32. Nb4 a5 33. Nc6 a4 34. Nd4+ Kd7 35. a3 Rf6 36. Kc3 Rb6 37. Be5 Rb7 38. Ne2 Kc6 39. h4 Kd7 40. Nf4 Kc6 41. Ne6 Rb6 42. h5 Kb5 43. Nd4+ Kc5 44. Bg7 Rb8 45. Ne6+ Kd6 46. Ng5 Ke7 47. Nxh7 Kf7 48. h6 Kg6 49. Nf8+ Kf7 50. Nd7 Rb5 51. Ne5+ Kg8 52. Nf3 Rb6 53. Kd2 Re6 54. Nd4 Re4 55. Nb5 Rg4 56. Ke3 Rg2 57. Nc3 Rxc2 58. Nxd5 Rh2 59. Nb6 1-0

[Event "Chigorin Memorial 23rd"]
[Site "St Petersburg"]
[Date "2015.10.04"]
[Round "2"]
[White "Pletnev, Evgeniy"]
[Black "Toporkova, Sofia"]
[Result "1-0"]
[WhiteElo "2246"]
[BlackElo "1950"]
[PlyCount "43"]
[EventDate "2015.10.03"]
[EventType "swiss"]
[EventRounds "9"]
[EventCountry "RUS"]
[SourceTitle "CBM 168 Extra"]
[Source "ChessBase"]
[SourceDate "2015.10.29"]
[SourceVersion "1"]
[SourceVersionDate "2015.10.29"]
[SourceQuality "1"]

1. Nc3 c5 2. Nf3 b6 3. d4 cxd4 4. Nxd4 Bb7 5. e4 a6 6. g3 e6 7. Bg2 Qc7 8. 0-0 Nf6 9. Be3 Bb4 10. Re1 Bxc3 11. bxc3 0-0 12. Rb1 Bxe4 13. Bg5 Bxg2 14. Bxf6 gxf6 15. Kxg2 f5 16. Qh5 f6 17. Nxf5 Qc5 18. Qg4+ Kf7 19. Qg7+ Ke8 20. Qxh7 Nc6 21. Rbd1 Ra7 22. Ng7+ 1-0

[Event "Moscow op-A"]
[Site "Moscow"]
[Date "2015.02.01"]
[Round "2"]
[White "Yanchenko, Roman"]
[Black "Pletnev, Evgeniy"]
[Result "1-0"]
[WhiteElo "2345"]
[BlackElo "2203"]
[PlyCount "89"]
[EventDate "2015.01.31"]
[EventType "swiss"]
[EventRounds "9"]
[EventCountry "RUS"]
[SourceTitle "CBM 164 Extra"]
[Source "ChessBase"]
[SourceDate "2015.03.02"]
[SourceVersion "1"]
[SourceVersionDate "2015.03.02"]
[SourceQuality "1"]

1. e4 Nc6 2. d4 d5 3. exd5 Qxd5 4. Nf3 Bg4 5. Be2 e5 6. c4 Qd7 7. d5 Bxf3 8. Bxf3 Nd4 9. 0-0 f5 10. Re1 Nxf3+ 11. Qxf3 e4 12. Qb3 b6 13. Nc3 Nf6 14. Bg5 Bc5 15. Bxf6 gxf6 16. Ne2 Qd6 17. Qh3 Qe5 18. Ng3 e3 19. fxe3 f4 20. Nf5 0-0-0 21. b4 Bxb4 22. Ne7+ Kb7 23. Nc6 Qd6 24. Nxd8+ Rxd8 25. Re2 fxe3 26. Qxh7 Qf4 27. Qd3 Re8 28. Rf1 Qh4 29. g3 Qg5 30. Qf5 Qg8 31. Kg2 Bd6 32. Rf3 Bc5 33. Qxf6 a5 34. Qf7 Qh8 35. d6 Bxd6 36. Rfxe3 Rf8 37. Qd5+ Ka7 38. Rf3 Rd8 39. Qc6 Qh5 40. c5 Rh8 41. cxb6+ cxb6 42. h4 Be5 43. Qd7+ Ka6 44. Qf5 Qh6 45. Qd3+ 1-0

[Event "Chigorin Memorial 22nd"]
[Site "St Petersburg"]
[Date "2014.10.26"]
[Round "9"]
[White "Belova, Olga"]
[Black "Pletnev, Evgeniy"]
[Result "1-0"]
[WhiteElo "2080"]
[BlackElo "2234"]
[PlyCount "73"]
[EventDate "2014.10.18"]
[EventType "swiss"]
[EventRounds "9"]
[EventCountry "RUS"]
[SourceTitle "EXT 2015"]
[Source "ChessBase"]
[SourceDate "2014.11.20"]
[SourceVersion "1"]
[SourceVersionDate "2014.11.20"]
[SourceQuality "1"]

1. e4 d5 2. exd5 Qxd5 3. Nf3 Nf6 4. d4 Bg4 5. Be2 Nc6 6. c4 Qf5 7. Be3 e6 8. Nc3 Bd6 9. a3 Rd8 10. h3 Bxf3 11. Bxf3 e5 12. d5 Nd4 13. Bxd4 exd4 14. Qxd4 0-0 15. 0-0 c5 16. Qd2 Bf4 17. Qd1 h5 18. Qb1 Qe5 19. Re1 Qg5 20. Ne4 Nxe4 21. Qxe4 Rd6 22. b4 b6 23. bxc5 bxc5 24. Qe7 Rf6 25. Rab1 Bd6 26. Qe3 Qh4 27. Rb7 g5 28. Bd1 g4 29. Rf1 Bf4 30. Qd3 Rg6 31. Kh1 Re8 32. Bc2 Rg7 33. d6 Qf6 34. d7 Rd8 35. Re1 Rg6 36. Qf5 gxh3 37. Qxf6 1-0

[Event "Chigorin Memorial 22nd"]
[Site "St Petersburg"]
[Date "2014.10.24"]
[Round "7"]
[White "Wallace, John Paul"]
[Black "Pletnev, Evgeniy"]
[Result "1-0"]
[WhiteElo "2408"]
[BlackElo "2234"]
[PlyCount "74"]
[EventDate "2014.10.18"]
[EventType "swiss"]
[EventRounds "9"]
[EventCountry "RUS"]
[SourceTitle "EXT 2015"]
[Source "ChessBase"]
[SourceDate "2014.11.20"]
[SourceVersion "1"]
[SourceVersionDate "2014.11.20"]
[SourceQuality "1"]

1. e4 d5 2. exd5 Qxd5 3. Nc3 Qd8 4. d4 Nf6 5. Nf3 Bg4 6. h3 Bxf3 7. Qxf3 c6 8. Qd3 Na6 9. a3 e6 10. Bd2 Be7 11. 0-0-0 Qb6 12. Na4 Qc7 13. Qf3 0-0 14. Bf4 Qa5 15. Nc3 Rfd8 16. Be2 Rac8 17. Rd3 b5 18. Rhd1 b4 19. Nb1 Nd5 20. Bd2 c5 21. dxc5 Nxc5 22. Rxd5 Rxd5 23. axb4 Qa2 24. bxc5 Rdxc5 25. c4 Rb8 26. Qa3 Rxc4+ 27. Bxc4 Qxc4+ 28. Qc3 Qa6 29. Qc2 Bf6 30. Nc3 Qb7 31. f3 a5 32. Kb1 h6 33. Bc1 Rc8 34. Qe4 Qb3 35. Rd3 Rc4 36. Qa8+ Kh7 37. Qxa5 Rb4 1-0

[Event "Moscow-chT"]
[Site "Moscow"]
[Date "2014.10.12"]
[Round "11.5"]
[White "Pletnev, Evgeniy"]
[Black "Minsky, A."]
[Result "0-1"]
[WhiteElo "2234"]
[BlackElo "2245"]
[PlyCount "102"]
[EventDate "2014.09.27"]
[EventType "team-tourn"]
[EventRounds "11"]
[EventCountry "RUS"]
[SourceTitle "CBM 162 Extra"]
[Source "ChessBase"]
[SourceDate "2014.10.17"]
[SourceVersion "1"]
[SourceVersionDate "2014.10.17"]
[SourceQuality "1"]
[WhiteTeam "The Chip"]
[BlackTeam "VNII Avtomatiki"]
[WhiteTeamCountry "RUS"]
[BlackTeamCountry "RUS"]

1. d4 Nf6 2. Bg5 Ne4 3. Bf4 d5 4. f3 Nf6 5. Nc3 c5 6. e4 e6 7. dxc5 Bxc5 8. exd5 Nxd5 9. Nxd5 exd5 10. Qe2+ Be7 11. 0-0-0 0-0 12. Qb5 Be6 13. Qxb7 Bg5 14. Ne2 Nd7 15. Bxg5 Qxg5+ 16. f4 Qf6 17. Qb4 Rfc8 18. Qd4 Qe7 19. Ng3 Rab8 20. Bd3 Rb4 21. Qxa7 Qf6 22. Qa3 Qxf4+ 23. Kb1 Nc5 24. Rhf1 Qb8 25. Nf5 Ra4 26. Qc3 d4 27. Nxd4 Bxa2+ 28. Kc1 Rxd4 29. Bxh7+ Kxh7 30. Rxd4 Nb3+ 31. cxb3 Rxc3+ 32. bxc3 Qxb3 33. Rf3 Qb1+ 34. Kd2 Qb2+ 35. Kd3 Bb1+ 36. Kc4 Qxg2 37. Rh4+ Kg8 38. Rg3 Qc6+ 39. Kb3 f5 40. Rd4 Be4 41. c4 f4 42. Rg4 Qb6+ 43. Kc3 Qa5+ 44. Kb3 Qf5 45. h3 g5 46. Kb4 Kf7 47. c5 f3 48. Rgxe4 f2 49. c6 f1Q 50. Rd7+ Kg6 51. Rd6+ Kh5 0-1

[Event "Moscow-chT"]
[Site "Moscow"]
[Date "2014.10.10"]
[Round "9.4"]
[White "Pletnev, Evgeniy"]
[Black "Gavrilov, Alexei"]
[Result "0-1"]
[WhiteElo "2234"]
[BlackElo "2489"]
[PlyCount "106"]
[EventDate "2014.09.27"]
[EventType "team-tourn"]
[EventRounds "11"]
[EventCountry "RUS"]
[SourceTitle "CBM 162 Extra"]
[Source "ChessBase"]
[SourceDate "2014.10.17"]
[SourceVersion "1"]
[SourceVersionDate "2014.10.17"]
[SourceQuality "1"]
[WhiteTeam "The Chip"]
[BlackTeam "Palace"]
[WhiteTeamCountry "RUS"]
[BlackTeamCountry "RUS"]

1. f4 d5 2. Nf3 g6 3. g3 Bg7 4. Bg2 Nf6 5. 0-0 b6 6. d3 Bb7 7. c3 0-0 8. Qc2 Nbd7 9. Re1 Re8 10. e4 dxe4 11. dxe4 e5 12. fxe5 Nxe5 13. Nxe5 Rxe5 14. Bf4 Re6 15. Nd2 Qe7 16. Re2 Re8 17. Rae1 Ba6 18. c4 Ng4 19. h3 Ne5 20. b3 Rd8 21. Nf3 Red6 22. Rd2 Nxf3+ 23. Bxf3 Rxd2 24. Bxd2 Qd7 25. Bg5 Qxh3 26. Qg2 Bd4+ 27. Kf1 Qxg2+ 28. Kxg2 f6 29. Bf4 Be5 30. Bxe5 fxe5 31. Bg4 Kf7 32. Re2 Bb7 33. Kf2 h5 34. Bf3 Kf6 35. Ke3 Kg5 36. c5 b5 37. Rc2 Bc6 38. a3 a5 39. Rc1 Rd4 40. Rf1 b4 41. a4 Bb7 42. Bg2 Ba6 43. Rf7 Rd3+ 44. Kf2 Rxb3 45. Rxc7 Rb2+ 46. Kf3 b3 47. Rc6 Be2+ 48. Ke3 Bc4 49. Bh3 Re2+ 50. Kf3 b2 51. Rb6 Rc2 52. c6 Rc3+ 53. Kf2 Bb3 0-1

[Event "Moscow-chT"]
[Site "Moscow"]
[Date "2014.10.05"]
[Round "6.3"]
[White "Gurvich, Vitaly"]
[Black "Pletnev, Evgeniy"]
[Result "1/2-1/2"]
[WhiteElo "2095"]
[BlackElo "2234"]
[PlyCount "54"]
[EventDate "2014.09.27"]
[EventType "team-tourn"]
[EventRounds "11"]
[EventCountry "RUS"]
[SourceTitle "CBM 162 Extra"]
[Source "ChessBase"]
[SourceDate "2014.10.17"]
[SourceVersion "1"]
[SourceVersionDate "2014.10.17"]
[SourceQuality "1"]
[WhiteTeam "Karpov Chess School"]
[BlackTeam "The Chip"]
[WhiteTeamCountry "RUS"]
[BlackTeamCountry "RUS"]

1. d4 f5 2. g3 Nf6 3. Bg2 g6 4. Nf3 Bg7 5. 0-0 0-0 6. c4 d6 7. Nc3 c6 8. b4 Nbd7 9. Qb3 Kh8 10. Rd1 Nb6 11. Bb2 Be6 12. d5 cxd5 13. cxd5 Bg8 14. Nd4 Rc8 15. Rac1 Rxc3 16. Qxc3 Na4 17. Qb3 Nxb2 18. Qxb2 Nxd5 19. Qd2 Qb6 20. Ne6 Bxe6 21. Bxd5 Bd7 22. Qe3 Qxe3 23. fxe3 Ba4 24. Bb3 Bc6 25. Bd5 Ba4 26. Bb3 Bc6 27. Bd5 Ba4 1/2-1/2

[Event "Moscow-chT"]
[Site "Moscow"]
[Date "2014.09.30"]
[Round "3.1"]
[White "Pletnev, Evgeniy"]
[Black "Babarykin, Stanislav"]
[Result "1/2-1/2"]
[WhiteElo "2234"]
[BlackElo "2378"]
[PlyCount "110"]
[EventDate "2014.09.27"]
[EventType "team-tourn"]
[EventRounds "11"]
[EventCountry "RUS"]
[SourceTitle "CBM 162 Extra"]
[Source "ChessBase"]
[SourceDate "2014.10.17"]
[SourceVersion "1"]
[SourceVersionDate "2014.10.17"]
[SourceQuality "1"]
[WhiteTeam "The Chip"]
[BlackTeam "Navigator"]
[WhiteTeamCountry "RUS"]
[BlackTeamCountry "RUS"]

1. f4 d5 2. Nf3 g6 3. g3 Bg7 4. Bg2 c5 5. 0-0 Nc6 6. d3 Nf6 7. c3 d4 8. Bd2 0-0 9. Na3 Rb8 10. Rc1 b6 11. Qe1 Bb7 12. h3 Nd5 13. g4 e5 14. f5 gxf5 15. gxf5 Bf6 16. Bh6 Nf4 17. Bxf4 exf4 18. Nh2 Kh8 19. Be4 Ne7 20. Rxf4 Bg5 21. Rg4 Be3+ 22. Kf1 Bxc1 23. Qxc1 Qd6 24. Nf3 Nd5 25. cxd4 cxd4 26. Nxd4 Nf6 27. Qh6 Rg8 28. Rxg8+ Kxg8 29. Qg5+ Kh8 30. Ne6 fxe6 31. Qxf6+ Kg8 32. Qg5+ Kh8 33. Qf6+ Kg8 34. Qg5+ Kh8 35. Nc4 Qf8 36. Ne5 Qg7 37. Qxg7+ Kxg7 38. f6+ Kg8 39. f7+ Kg7 40. Nd7 Bxe4 41. dxe4 Rd8 42. f8Q+ Rxf8+ 43. Nxf8 Kxf8 44. Kf2 e5 45. Ke3 Ke7 46. Kd3 Kd6 47. Kc4 Kc6 48. a4 a6 49. h4 h5 50. b3 Kd6 51. Kb4 Kc6 52. Kc3 Kc5 53. b4+ Kc6 54. Kc4 b5+ 55. Kb3 Kd7 1/2-1/2

[Event "Chigorin Memorial 21st"]
[Site "St Petersburg"]
[Date "2013.10.12"]
[Round "8"]
[White "Pletnev, Evgeniy"]
[Black "Kiseleva, Arina"]
[Result "0-1"]
[WhiteElo "2278"]
[BlackElo "1992"]
[PlyCount "62"]
[EventDate "2013.10.05"]
[EventType "swiss"]
[EventRounds "9"]
[EventCountry "RUS"]
[SourceTitle "CBM 156 Extra"]
[Source "ChessBase"]
[SourceDate "2013.10.22"]
[SourceVersion "1"]
[SourceVersionDate "2013.10.22"]
[SourceQuality "1"]

1. e4 c5 2. Nf3 d6 3. d4 cxd4 4. Nxd4 Nf6 5. Nc3 Nc6 6. Bc4 Bd7 7. Bb3 g6 8. f3 Nxd4 9. Qxd4 Bg7 10. Be3 0-0 11. Qd2 b5 12. a4 b4 13. Ne2 a5 14. Bh6 Rc8 15. h4 Be6 16. Bxe6 fxe6 17. h5 e5 18. g4 Qe8 19. hxg6 hxg6 20. b3 Bxh6 21. Rxh6 Qf7 22. Qg5 Nh7 23. Rxg6+ Kh8 24. Qf5 Rxc2 25. Rh6 Qxf5 26. exf5 Kg7 27. Rg6+ Kf7 28. Ng3 Rfc8 29. Ne4 Rh2 30. Rd1 Rcc2 31. Rd2 Rc1+ 0-1

[Event "Chigorin Memorial 21st"]
[Site "St Petersburg"]
[Date "2013.10.09"]
[Round "5"]
[White "Androsov, Sergey"]
[Black "Pletnev, Evgeniy"]
[Result "0-1"]
[WhiteElo "2114"]
[BlackElo "2278"]
[PlyCount "52"]
[EventDate "2013.10.05"]
[EventType "swiss"]
[EventRounds "9"]
[EventCountry "RUS"]
[SourceTitle "CBM 156 Extra"]
[Source "ChessBase"]
[SourceDate "2013.10.22"]
[SourceVersion "1"]
[SourceVersionDate "2013.10.22"]
[SourceQuality "1"]

1. e4 Nc6 2. d4 d5 3. exd5 Qxd5 4. Nf3 Bg4 5. Be2 0-0-0 6. Nc3 Qa5 7. Be3 Nf6 8. 0-0 e5 9. Ng5 Be6 10. Nxe6 fxe6 11. Nb5 a6 12. a4 exd4 13. Nxd4 Nxd4 14. Bxd4 Qf5 15. c3 e5 16. Bd3 e4 17. Bc4 Bd6 18. g3 h5 19. Qb3 Rde8 20. Bxf6 gxf6 21. Rad1 h4 22. Bd5 b5 23. axb5 hxg3 24. fxg3 Qh3 25. Rd2 Bc5+ 26. Kh1 Qxf1# 0-1

[Event "Chigorin Memorial 21st"]
[Site "St Petersburg"]
[Date "2013.10.07"]
[Round "3"]
[White "Larina, Marija"]
[Black "Pletnev, Evgeniy"]
[Result "1-0"]
[WhiteElo "2011"]
[BlackElo "2278"]
[PlyCount "51"]
[EventDate "2013.10.05"]
[EventType "swiss"]
[EventRounds "9"]
[EventCountry "RUS"]
[SourceTitle "CBM 156 Extra"]
[Source "ChessBase"]
[SourceDate "2013.10.22"]
[SourceVersion "1"]
[SourceVersionDate "2013.10.22"]
[SourceQuality "1"]

1. e4 c5 2. Nf3 d6 3. d4 cxd4 4. Nxd4 Nf6 5. Nc3 g6 6. Be3 Bg7 7. f3 0-0 8. Qd2 Nc6 9. 0-0-0 Nxd4 10. Bxd4 Be6 11. Kb1 Rc8 12. g4 Nd7 13. Bxg7 Kxg7 14. Nd5 Ne5 15. Be2 b5 16. h4 f6 17. g5 fxg5 18. hxg5 Bxd5 19. exd5 h5 20. f4 Nc4 21. Qd4+ Kg8 22. Qe4 Qe8 23. Bg4 hxg4 24. Rh6 Rf5 25. Qe6+ Kf8 26. Rdh1 1-0

[Event "Moscow Andersen Memorial"]
[Site "Moscow"]
[Date "2012.07.14"]
[Round "4"]
[White "Pletnev, Evgeniy"]
[Black "Duong, Thanh Binh"]
[Result "1-0"]
[WhiteElo "2337"]
[BlackElo "2101"]
[PlyCount "97"]
[EventDate "2012.07.07"]
[EventType "tourn"]
[EventRounds "9"]
[EventCountry "RUS"]
[EventCategory "2"]
[SourceTitle "EXT 2013"]
[Source "ChessBase"]
[SourceDate "2012.11.22"]
[SourceVersion "1"]
[SourceVersionDate "2012.11.22"]
[SourceQuality "1"]

1. d4 e6 2. e4 d5 3. e5 c5 4. c3 Qb6 5. Nf3 Bd7 6. b3 Nc6 7. Bb2 Nh6 8. Be2 cxd4 9. cxd4 Be7 10. 0-0 Nf5 11. Qd2 a5 12. Qf4 h6 13. g4 Nh4 14. Nxh4 Bxh4 15. Qe3 Be7 16. a3 f6 17. Qd3 0-0 18. Nd2 fxe5 19. dxe5 Rf4 20. Kg2 Raf8 21. f3 Be8 22. Bd1 Nd4 23. Qe3 Bc5 24. b4 axb4 25. axb4 Bxb4 26. Ra8 Bc5 27. Ba3 Bb5 28. Rxf8+ Rxf8 29. Rf2 Bxa3 30. Qxa3 Qd8 31. Qc5 Rf4 32. Nb3 Nxb3 33. Qxb5 Nd4 34. Qxb7 Qf8 35. Ra2 Kh7 36. Ra8 Qf7 37. Qb1+ g6 38. Qb6 Nxf3 39. Ra7 Nxe5 40. Rxf7+ Nxf7 41. Qxe6 d4 42. Kg3 g5 43. Bc2+ Kg7 44. Bf5 Kf8 45. h4 Kg7 46. h5 Kf8 47. Bg6 Kg7 48. Bxf7 Rf6 49. Qxf6+ 1-0

[Event "Moscow op-A"]
[Site "Moscow"]
[Date "2012.02.03"]
[Round "7"]
[White "Pletnev, Evgeniy"]
[Black "Shukh, Nikolai"]
[Result "1/2-1/2"]
[WhiteElo "2338"]
[BlackElo "2415"]
[PlyCount "106"]
[EventDate "2012.01.28"]
[EventType "swiss"]
[EventRounds "9"]
[EventCountry "RUS"]
[SourceTitle "CBM 146 Extra"]
[Source "ChessBase"]
[SourceDate "2012.02.29"]
[SourceVersion "1"]
[SourceVersionDate "2012.02.29"]
[SourceQuality "1"]

1. e4 e5 2. f4 d5 3. exd5 exf4 4. Nf3 Nf6 5. Bc4 Bd6 6. Qe2+ Qe7 7. Qxe7+ Kxe7 8. 0-0 Rd8 9. d4 Nbd7 10. Nc3 Kf8 11. Bb3 Nb6 12. Nb5 Nbxd5 13. c4 Ne3 14. Bxe3 fxe3 15. c5 e2 16. Rf2 Bf4 17. Rxe2 c6 18. Nc3 Bg4 19. Rd1 Re8 20. Rxe8+ Rxe8 21. Kf2 Bc8 22. h3 Nh5 23. Ne2 Be3+ 24. Kf1 f6 25. Bc4 g5 26. b4 Nf4 27. Nxf4 Bxf4 28. d5 cxd5 29. Bxd5 Rd8 30. Ke2 h5 31. a4 g4 32. hxg4 hxg4 33. Ne1 Bg3 34. Nc2 Re8+ 35. Kd3 f5 36. Nd4 Kg7 37. b5 Rd8 38. Kc4 Kf6 39. a5 Bf2 40. c6 bxc6 41. Nxc6 Rh8 42. Rd2 Be3 43. Rd3 f4 44. Be4 Be6+ 45. Kc3 Bc5 46. Rd1 f3 47. gxf3 g3 48. f4 Rh2 49. Rh1 Rxh1 50. Bxh1 Bh3 51. Ne5 Kf5 52. Nd3 Be3 53. Ne1 Kxf4 1/2-1/2

[Event "Moscow op-A"]
[Site "Moscow"]
[Date "2012.02.01"]
[Round "5"]
[White "Pletnev, Evgeniy"]
[Black "Chekhov, Sergey"]
[Result "0-1"]
[WhiteElo "2338"]
[BlackElo "2437"]
[PlyCount "130"]
[EventDate "2012.01.28"]
[EventType "swiss"]
[EventRounds "9"]
[EventCountry "RUS"]
[SourceTitle "CBM 146 Extra"]
[Source "ChessBase"]
[SourceDate "2012.02.29"]
[SourceVersion "1"]
[SourceVersionDate "2012.02.29"]
[SourceQuality "1"]

1. d4 g6 2. e4 Bg7 3. Nc3 d6 4. Be3 Nf6 5. f3 c6 6. Qd2 Nbd7 7. g4 b5 8. Nge2 Nb6 9. b3 h5 10. g5 Nfd7 11. h4 a5 12. Bg2 b4 13. Nd1 Ba6 14. f4 c5 15. c4 bxc3 16. Ndxc3 Rc8 17. Rd1 0-0 18. Rh3 Qc7 19. dxc5 Nxc5 20. Bd4 e5 21. Bxc5 dxc5 22. f5 Rfd8 23. Nd5 Nxd5 24. exd5 c4 25. Be4 Bf8 26. Kf2 Bb4 27. Qb2 Qc5+ 28. Kg2 c3 29. Qc2 gxf5 30. Bxf5 Rc7 31. Be4 Qe7 32. Rf3 Bc8 33. Rdf1 Bg4 34. Rf6 Rd6 35. Ng3 Rxf6 36. gxf6 Qc5 37. Qc1 Kf8 38. Qg5 Qd4 39. Rf2 Bc5 40. Qg7+ Ke8 41. Qg8+ Bf8 42. Qg5 Bd1 43. d6 Bxd6 44. Qg8+ Bf8 45. Qh7 Bg4 46. Bd3 Bh3+ 47. Kxh3 Qxf2 48. Qe4 Qc5 49. Bc4 Kd8 50. Nxh5 Rc6 51. Ng7 Kc7 52. h5 Kb6 53. Qf5 Qe3+ 54. Kg2 Qd2+ 55. Kh3 Qe3+ 56. Kg2 c2 57. Qxc2 Rxf6 58. Nf5 Qg5+ 59. Ng3 Bc5 60. Qd3 Rd6 61. Qf3 Rd2+ 62. Kh3 Bg1 63. Be2 f5 64. Kg2 f4 65. Kxg1 Qxg3+ 0-1

[Event "Moscow-ch sf"]
[Site "Moscow"]
[Date "2011.03.24"]
[Round "7"]
[White "Arslanov, Shamil"]
[Black "Pletnev, Evgeniy"]
[Result "1-0"]
[WhiteElo "2411"]
[BlackElo "2263"]
[PlyCount "77"]
[EventDate "2011.03.13"]
[EventType "swiss"]
[EventRounds "9"]
[EventCountry "RUS"]
[SourceTitle "CBM 141 Extra"]
[Source "ChessBase"]
[SourceDate "2011.05.03"]
[SourceVersion "1"]
[SourceVersionDate "2011.05.03"]
[SourceQuality "1"]

1. e4 Nc6 2. Nf3 f5 3. exf5 d5 4. Bb5 Bxf5 5. Ne5 Qd6 6. d4 Nf6 7. 0-0 Nd7 8. Bf4 Ncxe5 9. Bxe5 Qg6 10. Bxc7 Rc8 11. Bg3 Rxc2 12. Nc3 e6 13. Ba4 Be7 14. Bxc2 Bxc2 15. Qd2 0-0 16. Rac1 Bf5 17. Ne2 Bg5 18. Bf4 Bd8 19. Ng3 Bd3 20. Rfd1 Bb5 21. Bd6 Re8 22. Ne2 Nf6 23. Nf4 Qf5 24. f3 Bb6 25. Bc7 e5 26. Bxb6 exf4 27. Bc7 Re2 28. Qxf4 Qg6 29. Qg3 Rxb2 30. Qxg6 hxg6 31. Rb1 Rc2 32. Rxb5 Rxc7 33. Rc5 Re7 34. Rc8+ Kh7 35. Kf2 Re6 36. Rc7 Rb6 37. Re1 g5 38. g4 Ng8 39. Re5 1-0

[Event "Moscow op-E"]
[Site "Moscow"]
[Date "2011.01.30"]
[Round "2"]
[White "Amonatov, Farrukh"]
[Black "Pletnev, Evgeniy"]
[Result "1-0"]
[WhiteElo "2590"]
[BlackElo "2245"]
[PlyCount "43"]
[EventDate "2011.01.29"]
[EventType "swiss"]
[EventRounds "9"]
[EventCountry "RUS"]
[SourceTitle "CBM 140 Extra"]
[Source "ChessBase"]
[SourceDate "2011.03.01"]
[SourceVersion "1"]
[SourceVersionDate "2011.03.01"]
[SourceQuality "1"]

1. e4 Nc6 2. Nf3 d6 3. d4 Nf6 4. d5 Ne5 5. Nxe5 dxe5 6. Nc3 a6 7. Bc4 Qd6 8. 0-0 e6 9. Qf3 exd5 10. Nxd5 Nxd5 11. Bxd5 Qg6 12. Qc3 Bd6 13. f4 f6 14. f5 Qh5 15. Be3 Ke7 16. Rad1 Rd8 17. Bc5 g6 18. Bxd6+ cxd6 19. Rd3 gxf5 20. Rh3 Qg6 21. exf5 Bxf5 22. Rg3 1-0

[Event "Moscow-ch sf"]
[Site "Moscow"]
[Date "2010.03.07"]
[Round "2"]
[White "Reshetnikov, Alexey"]
[Black "Pletnev, Evgeniy"]
[Result "1-0"]
[WhiteElo "2447"]
[BlackElo "2247"]
[PlyCount "73"]
[EventDate "2010.03.06"]
[EventType "swiss"]
[EventRounds "9"]
[EventCountry "RUS"]
[SourceTitle "CBM 135 Extra"]
[Source "ChessBase"]
[SourceDate "2010.05.04"]
[SourceVersion "1"]
[SourceVersionDate "2010.05.04"]
[SourceQuality "1"]

1. c4 Nc6 2. Nc3 d6 3. g3 g6 4. Bg2 Bg7 5. d3 e5 6. Rb1 f5 7. e3 Nf6 8. b4 0-0 9. Nge2 Kh8 10. 0-0 Ne7 11. b5 g5 12. f4 gxf4 13. exf4 Qe8 14. fxe5 dxe5 15. d4 Ng6 16. dxe5 Qxe5 17. Nd5 Nxd5 18. cxd5 Bd7 19. Kh1 Qd6 20. Nf4 Rae8 21. Qa4 Qb6 22. Ba3 Rf7 23. Ne6 Bxe6 24. dxe6 Qxe6 25. Bb4 f4 26. Rbe1 Qd7 27. Rd1 Qc8 28. Qxa7 f3 29. Rxf3 Rxf3 30. Bxf3 Ne5 31. Qxb7 Qf5 32. Re1 Rd8 33. Be4 Qh3 34. Bg2 Qd7 35. Bc3 Ng4 36. Qf3 Bd4 37. Rd1 1-0